<?xml version="1.0" encoding="UTF-8"?><?xml-stylesheet type="text/xsl" href="static/style.xsl"?><OAI-PMH xmlns="http://www.openarchives.org/OAI/2.0/" xmlns:xsi="http://www.w3.org/2001/XMLSchema-instance" xsi:schemaLocation="http://www.openarchives.org/OAI/2.0/ http://www.openarchives.org/OAI/2.0/OAI-PMH.xsd"><responseDate>2026-04-13T01:46:26Z</responseDate><request verb="GetRecord" identifier="oai:www.recercat.cat:10459.1/56975" metadataPrefix="marc">https://recercat.cat/oai/request</request><GetRecord><record><header><identifier>oai:recercat.cat:10459.1/56975</identifier><datestamp>2024-12-05T21:46:07Z</datestamp><setSpec>com_2072_3622</setSpec><setSpec>col_2072_479130</setSpec></header><metadata><record xmlns="http://www.loc.gov/MARC21/slim" xmlns:dcterms="http://purl.org/dc/terms/" xmlns:xsi="http://www.w3.org/2001/XMLSchema-instance" xmlns:doc="http://www.lyncode.com/xoai" xsi:schemaLocation="http://www.loc.gov/MARC21/slim http://www.loc.gov/standards/marcxml/schema/MARC21slim.xsd">
   <leader>00925njm 22002777a 4500</leader>
   <datafield ind2=" " ind1=" " tag="042">
      <subfield code="a">dc</subfield>
   </datafield>
   <datafield ind2=" " ind1=" " tag="720">
      <subfield code="a">Jové Monclús, Glòria</subfield>
      <subfield code="e">author</subfield>
   </datafield>
   <datafield ind2=" " ind1=" " tag="720">
      <subfield code="a">Olivera, Olga</subfield>
      <subfield code="e">author</subfield>
   </datafield>
   <datafield ind2=" " ind1=" " tag="260">
      <subfield code="c">2016-05-06T12:46:04Z</subfield>
   </datafield>
   <datafield ind2=" " ind1=" " tag="260">
      <subfield code="c">2016-05-06T12:46:04Z</subfield>
   </datafield>
   <datafield ind2=" " ind1=" " tag="260">
      <subfield code="c">2011</subfield>
   </datafield>
   <datafield ind2=" " ind1=" " tag="520">
      <subfield code="a">El trabajo que presentamos está contextualizado&#xd;
en formación de maestros y es fruto del análisis&#xd;
de los trabajos realizados por los estudiantes&#xd;
después de llevar a cabo dos visitas a dos&#xd;
museos de la ciudad de Lleida: la exposición de&#xd;
arte contemporáneo de la Fundació Sorigué y la&#xd;
exposición del Museo de Lleida diocesano y&#xd;
comarcal que reúne las grandes colecciones&#xd;
patrimoniales del territorio. El trabajo consistía&#xd;
en hacer una comparativa entre las dos visitas.&#xd;
Se constata que para los estudiantes fueron dos&#xd;
experiencias vividas de forma diferente. En los&#xd;
resultados obtenidos, emerge con fuerza el&#xd;
pensamiento dicotómico en cuanto a arte&#xd;
clásico/ arte contemporáneo y mostramos como&#xd;
podemos deconstru i r y romper dicho&#xd;
pensamiento y concretar propuestas para que&#xd;
los diálogos y los viajes a través del tiempo&#xd;
formen parte de la educación, de la formación y&#xd;
de la vida.</subfield>
   </datafield>
   <datafield ind2=" " ind1=" " tag="520">
      <subfield code="a">This paper is contextualized in teacher training&#xd;
and it is the result of the analysis of students»&#xd;
works after two visits to the museums of the&#xd;
city of Lleida: an exhibition of contemporary art&#xd;
at Sorigué Foundation and another exhibition at&#xd;
the Museum of Lleida that includes the heritage&#xd;
collections. The students should make a&#xd;
comparison between the two visits. They lived&#xd;
two completely different experiences. The&#xd;
results showed an emerging dichotomous&#xd;
thinking in terms of classical art / contemporary&#xd;
art. We present how can we deconstruct and&#xd;
break this thought in the order to define new&#xd;
proposals to include the dialogues and «travels&#xd;
through time» in the education, in the training&#xd;
and in life.</subfield>
   </datafield>
   <datafield ind2=" " ind1=" " tag="520">
      <subfield code="a">El trabajo forma parte de una investigación más amplia que fue financiada por el Ministerio de Ciencia e Innovación-Subdirección General de Proyectos de Investigación, a través del proyecto de investigación n.º EDU2009-08669 EDUC.</subfield>
   </datafield>
   <datafield ind1="8" ind2=" " tag="024">
      <subfield code="a">http://hdl.handle.net/10459.1/56975</subfield>
   </datafield>
   <datafield tag="653" ind2=" " ind1=" ">
      <subfield code="a">Formación de maestros</subfield>
   </datafield>
   <datafield tag="653" ind2=" " ind1=" ">
      <subfield code="a">Aprender a través del arte</subfield>
   </datafield>
   <datafield tag="653" ind2=" " ind1=" ">
      <subfield code="a">Arte contemporáneo</subfield>
   </datafield>
   <datafield tag="653" ind2=" " ind1=" ">
      <subfield code="a">Arte clásico</subfield>
   </datafield>
   <datafield tag="653" ind2=" " ind1=" ">
      <subfield code="a">Pensamiento dicotómico</subfield>
   </datafield>
   <datafield tag="653" ind2=" " ind1=" ">
      <subfield code="a">Mestres -- Formació</subfield>
   </datafield>
   <datafield tag="653" ind2=" " ind1=" ">
      <subfield code="a">Art -- Ensenyament</subfield>
   </datafield>
   <datafield ind2="0" ind1="0" tag="245">
      <subfield code="a">Viaje a través del tiempo. Diálogos entre obras de arte</subfield>
   </datafield>
   <datafield ind2="0" ind1="0" tag="245">
      <subfield code="a">Travelling through time. Dialogues among artworks</subfield>
   </datafield>
</record></metadata></record></GetRecord></OAI-PMH>